Las tres coronas en el aire (Record no. 166613)
[ view plain ]
| 000 -LEADER | |
|---|---|
| campo de control de longitud fija | 01502nam a22002775i 4500 |
| 001 - NÚMERO DE CONTROL | |
| campo de control | 166613 |
| 003 - IDENTIFICADOR DE NÚMERO DE CONTROL | |
| campo de control | ES-MaACL |
| 005 - FECHA Y HORA DE LA ÚLTIMA TRANSACCIÓN | |
| campo de control | 20251001202406.0 |
| 008 - DATOS DE LONGITUD FIJA--INFORMACIÓN GENERAL | |
| campo de control de longitud fija | 950206s1847 sp |||| | spa d |
| 040 ## - FUENTE DE CATALOGACIÓN | |
| Centro catalogador/agencia de origen | AR |
| Lengua de catalogación | spa |
| Centro/agencia transcriptor | CCPB | PA2 |
| 245 04 - MENCIÓN DEL TÍTULO | |
| Título | Las tres coronas en el aire |
| Resto del título | : conferencias en los palacios imaginarios entre los... cardenales Richelieu, Mazarini y el protector de Inglaterra, Oliverio Cromwel sobre los negocios del otro mundo / |
| Mención de responsabilidad, etc. | por D. Francisco Quevedo y Villegas. |
| 260 ## - PUBLICACIÓN, DISTRIBUCIÓN, ETC. | |
| Lugar de publicación, distribución, etc. | Madrid : |
| Nombre del editor, distribuidor, etc. | [s.n.], |
| Fecha de publicación, distribución, etc. | 1847 ( |
| Fabricante | Imp. de El Correo) |
| 300 ## - DESCRIPCIÓN FÍSICA | |
| Extensión | 226 p. ; |
| Dimensiones | 15 cm. |
| 490 1# - MENCIÓN DE SERIE | |
| Mención de serie | Coleccion selecta de autores clasicos |
| 594 ## - Nota al título y mención de responsabilidad | |
| Nota al título y mención de responsabilidad | En la port. consta: "No publicadas hasta ahora en ninguna de las reimpresiones que se han hecho de sus obras" |
| 594 ## - Nota al título y mención de responsabilidad | |
| Nota al título y mención de responsabilidad | Palau, XIV, 244369 recoge la siguiente nota: " Según nota ms. en un ejemplar ms. que se halla en la Real Academia de la Historia, es de don José Arnolfini de Ornolfini de Illescas" |
| 596 ## - NOTA AL PIE DE IMPRENTA | |
| NOTA AL PIE DE IMPRENTA | En cub.: Imprenta de Santiago Rojo, Calle de Jardines, 46. |
| 600 14 - PUNTO DE ACCESO ADICIONAL DE MATERIA--NOMBRE DE PERSONA | |
| Nombre de persona | Richelieu, Armand Jean du Plessis, |
| Títulos y otros términos asociados al nombre | duc de, |
| Fechas asociadas al nombre | 1585-1642 |
| 9 (RLIN) | 96947 |
| 600 17 - PUNTO DE ACCESO ADICIONAL DE MATERIA--NOMBRE DE PERSONA | |
| Nombre de persona | Mazarin, Jules, |
| Fechas asociadas al nombre | 1602-1661 |
| Fuente del encabezamiento o término | |
| 9 (RLIN) | 129767 |
| 600 14 - PUNTO DE ACCESO ADICIONAL DE MATERIA--NOMBRE DE PERSONA | |
| Nombre de persona | Cromwell, Oliver. |
| 9 (RLIN) | 41689 |
| 700 1# - ENTRADA AGREGADA--NOMBRE PERSONAL | |
| Nombre de persona | Quevedo, Francisco de, |
| Fechas asociadas al nombre | 1580-1645 |
| 9 (RLIN) | 94591 |
| 700 1# - ENTRADA AGREGADA--NOMBRE PERSONAL | |
| Nombre de persona | Arnolfini de Illescas, José |
| Títulos y otros términos asociados al nombre | (O.Cist.) |
| 9 (RLIN) | 158510 |
| 830 0# - PUNTO DE ACCESO ADICIONAL DE SERIE-TÍTULO UNIFORME | |
| Título uniforme | Coleccion selecta de autores clasicos |
| 9 (RLIN) | 222563 |
| 852 ## - LOCALIZACIÓN | |
| Ubicación | ES-MaACL |
| Número de control de estantería | R-1771 |
| Nota libre | -- Rúst. |
| Encuadernación | -- T300: 226 p.Olim: D-3930 |
| Estatus retirado | Estado de pérdida | Estado de daño | No para préstamo | Colección | Biblioteca de origen | Biblioteca actual | Ubicación en estantería | Fecha de adquisición | Fuente de adquisición | Total de préstamos | Signatura topográfica completa | Código de barras | Visto por última vez | Precio de reemplazo | Tipo de ítem Koha |
|---|---|---|---|---|---|---|---|---|---|---|---|---|---|---|---|
| Libros del s. XIX | Biblioteca del Ateneo de Madrid | Biblioteca del Ateneo de Madrid | Depósito | 17/01/2008 | R-1771 | 1174745 | 23/02/2023 | 23/02/2023 | Libro impreso antiguo |
